Environmental law in India (Record no. 280455)

MARC details
000 -LEADER
fixed length control field 00497nam a2200217Ia 4500
003 - CONTROL NUMBER IDENTIFIER
control field OSt
005 - DATE AND TIME OF LATEST TRANSACTION
control field 20240910125115.0
008 - FIXED-LENGTH DATA ELEMENTS--GENERAL INFORMATION
fixed length control field 240126s9999 xx 000 0 und d
020 ## - INTERNATIONAL STANDARD BOOK NUMBER
International Standard Book Number 9789350357200
040 ## - CATALOGING SOURCE
Transcribing agency 0
041 ## - LANGUAGE CODE
Language code of text/sound track or separate title English
082 ## - DEWEY DECIMAL CLASSIFICATION NUMBER
Classification number 344.046 LEE;1 R
100 ## - MAIN ENTRY--PERSONAL NAME
Personal name Leelakrishnan, P.
245 #0 - TITLE STATEMENT
Title Environmental law in India
250 ## - EDITION STATEMENT
Edition statement 4th ed.
260 ## - PUBLICATION, DISTRIBUTION, ETC.
Name of publisher, distributor, etc. Lexis Nexis
Place of publication, distribution, etc. Haryana
300 ## - PHYSICAL DESCRIPTION
Extent XXXIV, 318
440 ## - SERIES STATEMENT/ADDED ENTRY--TITLE
Title NULL
650 ## - SUBJECT ADDED ENTRY--TOPICAL TERM
Topical term or geographic name entry element law,India
942 ## - ADDED ENTRY ELEMENTS (KOHA)
Koha item type Law Books
Source of classification or shelving scheme Dewey Decimal Classification
Holdings
Date last seen Total checkouts Full call number Accession number Volume/Issue Number Date last checked out Cost, total (INR) price Price effective from Category Lost status Source of classification or shelving scheme Damaged status Department Withdrawn status Home library Current library Shelving location Entry date Vendor Cost, normal purchase price Grants Billnumber Currency symbol Conversion rate Discount Old discount
15/04/2026 7 344.046 LEE;1 R LL125 (08/07/1905) 15/04/2026 347.62 26/01/2024 Law Books   Dewey Decimal Classification   LAW   Law Library Law Library   18/02/2017 Puliani & Puliani 463.50 Law 8201/I RS 1 115.88 25
22/04/2026 10 344.046 LEE;2 R LL1110 (11/07/1905) 21/04/2026 462.00 26/01/2024 Law Books   Dewey Decimal Classification   LAW   Law Library Law Library   30/05/2019 MPP House 525.00 Law 214 RS 1 12  
15/04/2026 7 344.046 LEE;3 R1 LL1111 (11/07/1905) 15/04/2026 462.00 26/01/2024 Law Books   Dewey Decimal Classification   LAW   Law Library Law Library   30/05/2019 MPP House 525.00 Law 214 RS 1 12  

© For any Suggestions or Query, please contact the library staff @ librarian@pes.edu or Phone: +9180 2672 1983/ 2108.